[Event "World Junior U20 Open 2018"]
[Site "Gebze"]
[Date "2018.09.13"]
[Round "9.57"]
[White "Can, Melih Kaan"]
[Black "Tuncer, Tuna"]
[Result "0-1"]
[WhiteElo "2195"]
[BlackElo "2342"]
[Annotator "NA"]
[PlyCount "124"]
[EventDate "2018.09.05"]
[EventType "swiss"]
[EventCountry "TUR"]
[SourceTitle "playchess.com"]
[Source "ChessBase"]
[SourceQuality "1"]
[TimeControl "40/5400+30:1800+30"]

1. d4 {[%emt 0:00:30]} Nf6 {[%emt 0:00:30]} 2. Bf4 {[%emt 0:00:00]} d5 {[%emt 0:00:30]} 3. e3 {[%emt 0:00:00]} c5 {[%emt 0:00:00]} 4. c3 {[%emt 0:00:30]} Nc6 {[%emt 0:00:00]} 5. Nd2 {[%emt 0:00:30]} e6 {[%emt 0:00:30]} 6. Ngf3 {[%emt 0:00:30]} cxd4 {[%emt 0:00:30]} 7. exd4 {[%emt 0:00:30] D02: 1 d4 d5 2 Nf3 sidelines, including 2...Nf6 3 g3 and 2...Nf6 3 Bf4} Nh5 {[%emt 0:00:30]} 8. Be5 {[%emt 0:09:30]} (8. Be3 Bd6 9. Bd3 Nf4 10. Bxf4 Bxf4 11. g3 Bd6 12. O-O O-O 13. Re1 Bd7 14. h4 h6 {1-0 (44) Caruana,F (2822)-Aronian,L (2767) chess.com INT 2018}) 8... f6 {[%emt 0:01:30]} 9. Bg3 {[%emt 0:00:30]} g6 {[%emt 0:05:30]} 10. Bd3 {[%emt 0:00:30]} Bg7 {[%emt 0:01:30]} 11. Nh4 {[%emt 0:06:30]} f5 $146 {[%emt 0:11:30]} ({Predecessor:} 11... Nxg3 12. hxg3 e5 13. dxe5 fxe5 14. Qe2 Qf6 {0-1 (34) Annaberdiev,M (2408)-Xu,J (2626) Jodhpur 2003}) 12. Nhf3 {[%emt 0:06:30]} O-O {[%emt 0:01:30]} 13. Qc2 {[%emt 0:06:30]} Nxg3 {[%emt 0:13:30]} 14. hxg3 {[%emt 0:00:30]} Bd7 {[%emt 0:02:30]} 15. Nb3 {[%emt 0:12:30]} b6 {[%emt 0:03:30]} 16. O-O {[%emt 0:46:00]} Qc7 {[%emt 0:06:30]} 17. Rfe1 {[%emt 0:01:30]} Rae8 {[%emt 0:00:30]} 18. Qd2 {[%emt 0:03:30]} f4 19. gxf4 Rxf4 20. Nc1 Ref8 21. Bf1 Bh6 {[%emt 1:17:30]} 22. Qd1 {[%emt 1:21:41]} Rxf3 {[%emt 0:00:30]} 23. gxf3 {[%emt 0:00:30]} Rf5 {[%emt 0:00:30]} 24. Ne2 {[%emt 0:04:50]} Rxf3 {[%emt 0:04:10]} 25. Bg2 {[%emt 0:05:38]} Rf6 {[%emt 0:00:30]} 26. Qd3 {[%emt 0:00:45]} Ne7 {[%emt 0:04:42]} 27. Qg3 {[%emt 0:03:16]} Qd8 {[%emt 0:02:08]} 28. a4 {[%emt 0:06:38]} Nf5 {[%emt 0:04:23]} 29. Qe5 {[%emt 0:00:04]} Bf8 {[%emt 0:01:59]} 30. Qf4 {[%emt 0:01:04]} Bd6 {[%emt 0:01:49]} 31. Qg5 {[%emt 0:00:02]} h6 {[%emt 0:01:47]} 32. Qg4 {[%emt 0:00:01]} h5 {[%emt 0:03:57]} 33. Qh3 {[%emt 0:01:00]} Rf7 {[%emt 0:01:15]} 34. Nc1 {[%emt 0:00:59]} Nh4 {[%emt 0:00:52]} 35. Nd3 {[%emt 0:00:46]} Qf6 {[%emt 0:00:54]} 36. f4 {[%emt 0:00:13]} g5 {[%emt 0:00:30]} 37. Ne5 {[%emt 0:00:20]} g4 {[%emt 0:00:24]} 38. Qd3 {[%emt 0:00:13]} Bxe5 {[%emt 0:01:00]} 39. Rxe5 {[%emt 0:00:30]} Nf5 {[%emt 0:00:30]} 40. c4 {[%emt 0:00:30]} dxc4 {[%emt 0:00:00]} 41. Qxc4 {[%emt 0:12:23]} Ng7 {[%emt 0:31:10]} 42. Qd3 {[%emt 0:10:57]} Nf5 {[%emt 0:00:30]} 43. Qc4 {[%emt 0:00:30]} Ng7 {[%emt 0:00:30]} 44. Rf1 {[%emt 0:00:02]} Kh8 {[%emt 0:00:00]} 45. Rg5 {[%emt 0:02:36]} Rf8 {[%emt 0:00:00]} 46. Qb4 {[%emt 0:03:51]} Bc8 {[%emt 0:00:00]} 47. Qd6 {[%emt 0:02:04]} Ba6 {[%emt 0:00:00]} 48. Rf2 {[%emt 0:00:01]} g3 {[%emt 0:00:00]} 49. Rf3 {[%emt 0:02:30]} h4 {[%emt 0:00:00]} 50. Qe5 {[%emt 0:00:00]} Nf5 {[%emt 0:01:54]} 51. Rh5+ {[%emt 0:01:03]} Kg7 {[%emt 0:00:50]} 52. Rg5+ {[%emt 0:00:01]} Kh6 {[%emt 0:00:29]} 53. Rc3 {[%emt 0:00:44]} Qxe5 {[%emt 0:00:54]} 54. dxe5 {[%emt 0:00:01]} Rd8 {[%emt 0:00:00]} 55. Bf3 {[%emt 0:01:13]} Rd7 {[%emt 0:00:41]} 56. Bg4 {[%emt 0:00:08]} Bb7 {[%emt 0:00:23]} 57. Rc1 {[%emt 0:00:48]} Rd2 {[%emt 0:01:07]} 58. Bxf5 {[%emt 0:00:18]} exf5 {[%emt 0:00:30]} 59. Rxf5 {[%emt 0:00:44]} h3 {[%emt 0:00:23]} 60. Rf6+ {[%emt 0:00:33]} Kh5 {[%emt 0:00:07]} 61. Rf5+ {[%emt 0:00:39]} Kh4 {[%emt 0:00:11]} 62. Kf1 {[%emt 0:00:22]} h2 {[%emt 0:00:44]} 0-1

[Event "World Junior U20 Open 2018"]
[Site "Gebze"]
[Date "2018.09.13"]
[Round "9.58"]
[White "Urazayev, Arystanbek"]
[Black "Wong, Yinn Long"]
[Result "0-1"]
[WhiteElo "2333"]
[BlackElo "2261"]
[Annotator "NA"]
[PlyCount "114"]
[EventDate "2018.09.05"]
[EventType "swiss"]
[EventCountry "TUR"]
[SourceTitle "playchess.com"]
[Source "ChessBase"]
[SourceQuality "1"]
[TimeControl "40/5400+30:1800+30"]

1. e4 {[%emt 0:00:30]} c5 {[%emt 0:00:30]} 2. Nf3 {[%emt 0:00:00]} g6 {[%emt 0:00:00]} 3. d4 {[%emt 0:01:00]} cxd4 {[%emt 0:00:00]} 4. Nxd4 {[%emt 0:00:00]} Nc6 {[%emt 0:00:30]} 5. c4 {[%emt 0:00:00]} Bg7 {[%emt 0:01:30]} 6. Be3 {[%emt 0:00:30]} Nf6 {[%emt 0:00:30]} 7. Nc3 {[%emt 0:00:30]} Ng4 {[%emt 0:00:30]} 8. Qxg4 {[%emt 0:01:30]} Nxd4 {[%emt 0:00:00]} 9. Qd1 {[%emt 0:00:30]} e5 {[%emt 0:01:00]} 10. Bd3 {[%emt 0:01:30]} O-O {[%emt 0:01:30]} 11. O-O {[%emt 0:01:30]} b6 {[%emt 0:01:30]} 12. Qd2 {[%emt 0:03:30]} Bb7 {[%emt 0:00:30] B39: Sicilian: Maroczy Bind with 5...Bg7 and 7...Ng4} 13. Nd5 {[%emt 0:01:30]} (13. Rad1 f5 14. exf5 gxf5 15. f4 d6 16. Nd5 Qd7 17. fxe5 dxe5 18. Bxd4 exd4 19. Bxf5 Qd6 20. Qd3 b5 21. Bxh7+ Kh8 22. Bg6 Qe6 23. Rfe1 Qg4 24. Re4 Qg5 25. Re5 {1-0 (25) Neiksans,A (2581)-Sulskis,S (2521) Liepaja 2017}) 13... d6 {[%emt 0:06:30]} 14. Rac1 $146 {[%emt 0:02:30]} ({Predecessor:} 14. Rae1 Qd7 15. Bxd4 exd4 16. f4 Rae8 17. b3 Kh8 18. a4 f5 19. exf5 gxf5 20. Rxe8 Rxe8 {1-0 (39) Sermier,G (2376)-Rufino Bengoetxea,A (2289) France 2003}) 14... Rc8 {[%emt 0:13:30]} 15. Bg5 {[%emt 0:06:30]} f6 {[%emt 0:01:30]} 16. Be3 {[%emt 0:00:30]} Ne6 {[%emt 0:07:30]} 17. b4 {[%emt 0:12:00]} Qd7 {[%emt 0:10:30]} 18. Rfd1 {[%emt 0:08:30]} f5 {[%emt 0:48:00]} 19. f3 {[%emt 0:00:30]} Bc6 {[%emt 0:14:30]} 20. Qe1 {[%emt 0:10:30]} f4 {[%emt 1:06:00]} 21. Bf2 {[%emt 0:00:30]} Nd4 {[%emt 0:06:30]} 22. Kh1 {[%emt 0:13:30]} g5 {[%emt 0:05:30]} 23. c5 {[%emt 1:17:30]} bxc5 {[%emt 1:21:53]} 24. bxc5 {[%emt 0:00:30]} Ba4 {[%emt 0:07:22]} 25. cxd6 {[%emt 0:03:30]} Bxd1 {[%emt 0:04:09]} 26. Ne7+ {[%emt 0:03:10]} Kh8 {[%emt 0:02:50]} 27. Nxc8 {[%emt 0:01:16]} Bxf3 {[%emt 0:01:17]} 28. gxf3 {[%emt 0:05:55]} Nxf3 {[%emt 0:00:02]} 29. Qe2 {[%emt 0:02:44]} Qh3 {[%emt 0:01:14]} 30. Bxa7 {[%emt 0:01:17]} Nxh2 {[%emt 0:01:06]} 31. Qxh2 {[%emt 0:00:23]} Qxd3 {[%emt 0:00:03]} 32. Ne7 {[%emt 0:01:35]} Qxe4+ {[%emt 0:01:07]} 33. Kg1 {[%emt 0:00:13]} f3 {[%emt 0:00:49]} 34. Bf2 {[%emt 0:02:04]} Qg4+ {[%emt 0:04:34]} 35. Kh1 {[%emt 0:00:12]} Qe6 {[%emt 0:00:11]} 36. Rd1 {[%emt 0:00:25]} e4 {[%emt 0:00:28]} 37. Nd5 {[%emt 0:02:22]} Be5 {[%emt 0:00:46]} 38. Nc7 {[%emt 0:02:50]} Qf6 {[%emt 0:00:25]} 39. Qh5 {[%emt 0:00:19]} e3 {[%emt 0:00:41]} 40. Nd5 {[%emt 0:00:00]} e2 {[%emt 0:00:00]} 41. Rb1 $2 {[%emt 0:14:15]} (41. Rg1 Qxd6 42. Ne3) 41... Qg6 $2 {[%emt 0:13:03]} ({Less strong is} 41... Qxd6 42. Rb7 $17) (41... Qe6 42. Ne7 Qxd6 43. Qxg5 Qd1+ 44. Be1 Bf6 45. Ng6+ Kg7 46. Rb7+ Rf7 47. Rxf7+ Kxf7 48. Nh8+ Bxh8 49. Qh5+ Ke7 50. Qxh7+ Kd6 51. Qg6+ Kc5 52. Qf5+ Kb6 53. Qe6+ Kb7 54. Qf7+ Kb6 55. Qg6+ Kc5 56. Qf5+ Qd5 57. Qc2+ Qc4 58. Qf5+ Kd4 59. Qxf3 Qd5) 42. Qxg6 {[%emt 0:03:39]} hxg6 {[%emt 0:00:06]} 43. d7 {[%emt 0:04:53] [#]} Kg7 $2 {[%emt 0:04:06]} (43... g4 $1 $19 {[%cal Rg4g3]} 44. Ne7 g3 45. Bxg3 (45. Nxg6+ $2 Kg7 $19) 45... Bxg3 46. Nxg6+ Kg8 47. Nxf8 Bh4) 44. Kg1 {[%emt 0:08:31]} Rd8 {[%emt 0:02:30]} 45. Rb7 {[%emt 0:02:10]} g4 {[%emt 0:02:24]} 46. Nb4 {[%emt 0:00:04]} g3 {[%emt 0:00:38]} 47. Nd3 {[%emt 0:00:11]} gxf2+ {[%emt 0:01:22]} 48. Kxf2 {[%emt 0:00:06]} Bc3 {[%emt 0:01:12]} 49. Rb3 {[%emt 0:01:00]} Ba5 {[%emt 0:00:21]} 50. Ne1 {[%emt 0:01:19]} Rxd7 {[%emt 0:03:11]} 51. Nxf3 {[%emt 0:00:09]} Re7 {[%emt 0:00:55]} 52. Ne1 {[%emt 0:00:57]} Rf7+ {[%emt 0:00:52]} 53. Kxe2 {[%emt 0:01:58]} Re7+ {[%emt 0:00:30]} 54. Kf3 {[%emt 0:00:00]} Bxe1 {[%emt 0:00:00]} 55. Ra3 {[%emt 0:00:01]} Re5 {[%emt 0:00:13]} 56. Ra8 $19 {[%emt 0:00:09]} Ra5 {[%emt 0:00:33]} 57. Re8 {[%emt 0:00:05]} Bd2 {[%emt 0:00:24]} 0-1

[Event "World Junior U20 Open 2018"]
[Site "Gebze"]
[Date "2018.09.13"]
[Round "9.59"]
[White "Thilakarathne, G M H"]
[Black "Tasdogen, Dincer"]
[Result "0-1"]
[WhiteElo "2238"]
[BlackElo "2329"]
[Annotator "NA"]
[PlyCount "78"]
[EventDate "2018.09.05"]
[EventType "swiss"]
[EventCountry "TUR"]
[SourceTitle "playchess.com"]
[Source "ChessBase"]
[SourceQuality "1"]
[TimeControl "40/5400+30:1800+30"]

1. e4 {[%emt 0:00:30]} g6 {[%emt 0:01:30]} 2. d4 {[%emt 0:00:30]} Bg7 {[%emt 0:00:00]} 3. Nf3 {[%emt 0:00:30]} c6 {[%emt 0:06:00]} 4. Bd3 {[%emt 0:02:30]} d5 {[%emt 0:01:30]} 5. e5 {[%emt 0:01:30]} Nh6 {[%emt 0:01:30]} 6. O-O {[%emt 0:04:30]} O-O {[%emt 0:00:30]} 7. h3 {[%emt 0:08:30]} Bf5 {[%emt 0:12:30]} 8. Re1 {[%emt 0:10:30]} Bxd3 {[%emt 0:01:30]} 9. Qxd3 {[%emt 0:00:30]} f6 $16 {[%emt 0:00:30]} 10. Bf4 Nf7 11. Nbd2 f5 12. e6 Nd6 13. Ng5 Na6 14. Qg3 Ne4 15. Ndxe4 fxe4 16. Qh4 h5 {[%emt 1:14:00]} 17. Nf7 {[%emt 1:25:30]} Qc8 {[%emt 0:02:30]} 18. Qxe7 {[%emt 0:06:47]} Re8 {[%emt 0:00:30]} 19. Qd7 {[%emt 0:04:04]} Rxe6 {[%emt 0:00:00]} 20. Qxc8+ {[%emt 0:01:33]} Rxc8 {[%emt 0:00:00]} 21. Ng5 {[%emt 0:00:30]} Ree8 {[%emt 0:00:30]} 22. Be3 {[%emt 0:00:30]} Nc7 {[%emt 0:00:30]} 23. f3 {[%emt 0:00:30]} c5 {[%emt 0:00:30]} 24. c3 {[%emt 0:01:28]} cxd4 {[%emt 0:11:59]} 25. Bxd4 {[%emt 0:00:00]} Bxd4+ {[%emt 0:02:08]} 26. cxd4 {[%emt 0:00:26]} e3 {[%emt 0:00:30]} 27. Rac1 {[%emt 0:00:40]} Re7 {[%emt 0:02:07]} 28. f4 {[%emt 0:00:16]} Rf8 {[%emt 0:02:21]} 29. Rc3 {[%emt 0:00:45]} e2 {[%emt 0:02:31]} 30. Rc2 {[%emt 0:00:37]} Rxf4 {[%emt 0:00:20]} 31. Rcxe2 {[%emt 0:00:44]} Rxe2 {[%emt 0:00:06]} 32. Rxe2 {[%emt 0:00:02]} Rxd4 {[%emt 0:00:02]} 33. Re7 {[%emt 0:00:12]} Rc4 {[%emt 0:00:01]} 34. Rd7 {[%emt 0:00:26]} Rc2 {[%emt 0:01:46]} 35. b3 {[%emt 0:01:09]} a5 {[%emt 0:00:41]} 36. Nf3 {[%emt 0:00:18]} Ne6 {[%emt 0:00:46]} 37. Rxd5 {[%emt 0:00:39]} Rxa2 {[%emt 0:03:10]} 38. Rd6 {[%emt 0:00:23]} Nf4 {[%emt 0:00:33]} 39. Kf1 {[%emt 0:00:28]} Rb2 {[%emt 0:01:22]} 0-1

[Event "World Junior U20 Open 2018"]
[Site "Gebze"]
[Date "2018.09.13"]
[Round "9.60"]
[White "Dobrovoljc, Vid"]
[Black "Ismayilov, Muhammad"]
[Result "1-0"]
[WhiteElo "2316"]
[BlackElo "2137"]
[Annotator "TA"]
[PlyCount "153"]
[EventDate "2018.09.05"]
[EventType "swiss"]
[EventCountry "TUR"]
[SourceTitle "playchess.com"]
[Source "ChessBase"]
[SourceQuality "1"]

{[%evp 16,153,-11,-12,23,16,27,19,46,33,53,56,53,52,51,41,47,41,62,37,61,58,128,126,164,158,152,91,102,91,87,45,45,45,45,49,46,41,64,64,60,45,57,57,57,59,60,62,59,59,61,59,89,93,94,73,96,96,106,110,111,96,109,85,131,128,140,130,138,131,131,138,131,134,138,138,138,137,140,133,121,138,130,130,130,137,148,94,301,289,342,178,156,100,166,151,161,122,227,82,81,64,64,64,62,67,74,58,59,61,74,74,74,74,74,74,29963,29964,29963,29964,29964,29965,29965,29965,29963,29965,29969,29970,29970,29971,29971,29972,29972,29973,29971,29974,29973,29974,29973,29972]} 1. Nf3 d5 2. g3 Nf6 3. Bg2 g6 4. c4 c6 5. Qa4 Bg7 6. cxd5 Nxd5 7. O-O O-O 8. Nc3 e5 {A16: Englische Eröffnung} 9. d3 {LiveBook: 16 Partien} Nxc3 (9... h6 10. Bd2 Be6 11. Rfc1 Nd7 12. Nxd5 Bxd5 13. Bc3 {½-½ (13) Dubov,D (2627)-Nepomniachtchi,I (2714) Moscow 2015}) 10. bxc3 Nd7 $146 {Die Stellung ist ausgeglichen.} ({Vorgänger:} 10... Qc7 11. Rb1 Nd7 12. Qh4 Nf6 13. Bg5 Nh5 14. Qa4 h6 15. Be3 Kh7 16. Nd2 {1-0 (40) Palomo,F (2260)-Ramos Tapia,L (2046) Caracas 2015}) 11. Nd2 Nb6 12. Qc2 Be6 13. Ne4 Bd5 14. c4 Bxe4 15. Bxe4 Qc7 16. Rb1 Rfd8 17. Qb3 Rd7 18. Bg2 Nc8 ({Lieber} 18... Qd6 $14) 19. Bh3 $16 Re7 20. Bg5 f6 21. Be3 (21. c5+ $142 Kh8 22. Bd2) 21... Nd6 22. Bc5 Bf8 23. Bxd6 Qxd6 24. c5+ Qd5 25. Qxd5+ cxd5 26. Rb5 Rc7 27. Be6+ Kh8 28. Rfb1 Rb8 29. Bxd5 Rxc5 30. Bxb7 Rc2 31. R5b2 Rxb2 32. Rxb2 $14 {[%mdl 4096] Endspiel KTL-KTL} Bc5 33. Kg2 Bd4 34. Rb5 Kg7 35. h4 a5 36. e3 Ba7 37. g4 f5 38. g5 h6 39. a4 hxg5 40. hxg5 Kf8 41. Kf3 Kg7 42. Ke2 Kf8 43. Kd2 f4 44. Ke2 fxe3 45. fxe3 Kg7 46. Kf2 Kh7 47. Kf3 Kh8 48. Ke4 Kg7 49. d4 exd4 50. exd4 Rh8 51. Kd3 (51. Rd5 $142) 51... Rh3+ $2 (51... Rb8 $16 52. Kc3 Kf8) 52. Kc4 $18 Rh4 {[#]} 53. Rd5 (53. Rxa5 Bxd4 54. Kd5 Be3 $16) (53. Be4 $142 $1 {[%mdl 512]}) 53... Kf8 54. Bc8 (54. Rd7 $142) 54... Ke8 (54... Bb6 $16 55. Kd3 Bc7) 55. Rd6 Rf4 56. Kd3 ({Bloß nicht} 56. Rxg6 $6 Bxd4 57. Kb5 Kf7 $14) 56... Rf1 (56... Rf3+ $16 57. Ke4 Rf4+ 58. Ke3 (58. Kxf4 Bb8 $16) 58... Rh4) 57. Ba6 (57. Rxg6 $18 {Ta6 ist eine echte Drohung.} Rd1+ 58. Ke4) 57... Rd1+ $16 58. Kc4 Ke7 59. Rd5 Rc1+ 60. Kd3 Rd1+ 61. Kc3 Rc1+ 62. Kd2 Rc6 63. Bd3 Rd6 64. Rxd6 Kxd6 {KL-KL} 65. Ke3 Bb6 $2 {[%mdl 8192]} (65... Kd5 $16) 66. Bxg6 {Weiß setzt Matt.} Bd8 67. Kf4 Bb6 68. Ke4 Bd8 69. Kf5 $1 Bb6 70. d5 $1 Kxd5 71. Bh5 $1 Bd4 72. Kg6 $1 {[%cal Rg6h7]} Ke6 73. Kh7 $1 Ke7 {[#]} 74. Kg8 $1 Bc3 75. g6 Kf6 {[#]} 76. Kh7 $1 Kg5 77. Bd1 {Precision: Weiß = 75%, Schwarz = 44%.} 1-0

[Event "World Junior U20 Open 2018"]
[Site "Gebze"]
[Date "2018.09.13"]
[Round "9.61"]
[White "Petkov, Momchil"]
[Black "Sevgi, Volkan"]
[Result "1-0"]
[WhiteElo "2163"]
[BlackElo "2323"]
[Annotator "NA"]
[PlyCount "143"]
[EventDate "2018.09.05"]
[EventType "swiss"]
[EventCountry "TUR"]
[SourceTitle "playchess.com"]
[Source "ChessBase"]
[SourceQuality "1"]
[TimeControl "40/5400+30:1800+30"]

1. d4 {[%emt 0:00:30]} d5 {[%emt 0:00:30]} 2. Bf4 {[%emt 0:00:30]} Nf6 {[%emt 0:00:00]} 3. e3 {[%emt 0:00:00]} e6 {[%emt 0:00:00]} 4. Nd2 {[%emt 0:00:00]} c5 {[%emt 0:00:30]} 5. c3 {[%emt 0:00:30]} Bd6 {[%emt 0:00:30]} 6. Bg3 {[%emt 0:00:30] D00: 1 d4 d5: Unusual lines} (6. Bb5+ Nc6 7. Bg3 Bxg3 8. hxg3 Qd6 9. g4 e5 10. dxe5 Qxe5 11. Ngf3 Qe7 12. g5 Ne4 13. Bxc6+ bxc6 {0-1 (31) Naiditsch,A (2705)-Inarkiev,E (2689) Riadh 2017}) 6... Qc7 {[%emt 0:00:30]} 7. Bxd6 {[%emt 0:04:30]} Qxd6 {[%emt 0:00:00]} 8. f4 {[%emt 0:01:30]} Qb6 {[%emt 0:17:30]} 9. Rb1 {[%emt 0:07:30]} Bd7 {[%emt 0:03:30]} 10. Bd3 {[%emt 0:11:30]} Bb5 {[%emt 0:03:30]} 11. Bc2 $146 {[%emt 0:05:30]} ({Predecessor:} 11. Qe2 Bxd3 12. Qxd3 a5 13. Ngf3 Qa6 14. Qxa6 Nxa6 {0-1 (60) Carvallo,H (2156)-Sebag,M (2509) France 2008}) 11... a5 {[%emt 0:00:30]} 12. h3 {[%emt 0:02:30]} Nc6 {[%emt 0:09:30]} 13. Ngf3 {[%emt 0:11:30]} h6 {[%emt 0:41:30]} 14. Nb3 {[%emt 0:12:30]} Nd7 {[%emt 0:04:30]} 15. Kf2 {[%emt 0:03:30]} a4 {[%emt 0:05:30]} 16. Nc1 {[%emt 0:00:30]} Qc7 {[%emt 0:57:00]} 17. Nd3 {[%emt 0:04:30]} Bxd3 {[%emt 0:02:30]} 18. Bxd3 c4 19. Bc2 b5 20. a3 O-O-O 21. Qd2 Nf6 {[%emt 1:21:14]} 22. Ne5 {[%emt 1:18:00]} Nxe5 {[%emt 0:00:30]} 23. fxe5 {[%emt 0:00:30]} Ne8 {[%emt 0:02:54]} 24. Rhf1 {[%emt 0:04:40]} f6 {[%emt 0:00:42]} 25. exf6 {[%emt 0:00:30]} gxf6 {[%emt 0:00:04]} 26. e4 {[%emt 0:04:24]} dxe4 {[%emt 0:01:51]} 27. Bxe4 {[%emt 0:00:25]} f5 {[%emt 0:06:20]} 28. Bc2 {[%emt 0:00:55]} Nf6 {[%emt 0:01:02]} (28... Qh2 $14) 29. Rbe1 {[%emt 0:01:10]} Qd6 {[%emt 0:03:32]} 30. Kg1 {[%emt 0:00:26]} Kc7 {[%emt 0:00:53]} 31. Qe3 {[%emt 0:01:52]} Rde8 {[%emt 0:00:59]} 32. Qf3 {[%emt 0:00:38]} Nd7 {[%emt 0:01:08]} 33. Re2 {[%emt 0:01:02]} Rhg8 {[%emt 0:02:05]} 34. Rfe1 {[%emt 0:01:33]} Rg3 {[%emt 0:00:41]} 35. Qf2 {[%emt 0:01:13]} f4 {[%emt 0:02:19]} 36. Be4 {[%emt 0:02:22]} Kb8 {[%emt 0:00:49]} 37. Bf3 {[%emt 0:02:28]} Re7 {[%emt 0:00:48]} 38. Kh1 {[%emt 0:01:17]} Rg6 {[%emt 0:00:20]} 39. Qh4 {[%emt 0:00:46]} Kc7 {[%emt 0:00:54]} 40. Qh5 {[%emt 0:00:00]} Rg3 {[%emt 0:00:00]} 41. Qxb5 {[%emt 0:03:19]} Nb6 {[%emt 0:04:25]} 42. Re5 {[%emt 0:01:30]} Kb8 {[%emt 0:15:14]} 43. Bc6 {[%emt 0:02:30]} Qc7 {[%emt 0:01:57]} 44. Rxe6 {[%emt 0:00:30]} Rxe6 {[%emt 0:00:01]} 45. Rxe6 {[%emt 0:00:00]} Re3 {[%emt 0:00:15]} 46. Qf5 {[%emt 0:11:00]} Ka7 {[%emt 0:02:03]} 47. Rxe3 {[%emt 0:00:53]} fxe3 {[%emt 0:00:03]} 48. Bf3 {[%emt 0:00:07]} Qd6 {[%emt 0:01:23]} 49. Qe4 {[%emt 0:00:30]} Ka6 {[%emt 0:01:04]} 50. Qxe3 {[%emt 0:00:47]} Qg6 {[%emt 0:00:01]} 51. Be4 {[%emt 0:03:29]} Qf6 {[%emt 0:00:37]} 52. Kg1 {[%emt 0:00:49]} Qh4 {[%emt 0:00:16]} 53. d5 {[%emt 0:01:16]} Qe7 {[%emt 0:00:02]} 54. Qd4 {[%emt 0:01:12]} Qd6 {[%emt 0:00:01]} 55. Bf3 {[%emt 0:00:21]} Kb5 {[%emt 0:00:01]} 56. Qe3 {[%emt 0:00:54]} Nd7 {[%emt 0:03:18]} 57. Qe6 {[%emt 0:01:27]} Kc5 {[%emt 0:00:05]} 58. Qe3+ {[%emt 0:02:33]} Kb5 {[%emt 0:00:04]} 59. Qe6 {[%emt 0:00:08]} Kc5 {[%emt 0:00:05]} 60. Qxd6+ {[%emt 0:01:06]} Kxd6 {[%emt 0:00:08]} 61. Kf2 {[%emt 0:01:27]} Ke5 {[%emt 0:00:12]} 62. Ke3 {[%emt 0:00:19]} Nc5 {[%emt 0:00:29]} 63. g4 {[%emt 0:00:24]} Kd6 {[%emt 0:01:09]} 64. h4 {[%emt 0:00:43]} Ke5 {[%emt 0:00:51]} 65. g5 {[%emt 0:01:44]} hxg5 {[%emt 0:00:01]} 66. hxg5 {[%emt 0:00:08]} Nb7 {[%emt 0:00:09]} 67. g6 {[%emt 0:00:35]} Nd6 {[%emt 0:00:05]} 68. Bg4 {[%emt 0:00:59]} Ne8 {[%emt 0:00:03]} 69. d6 {[%emt 0:00:10]} Kxd6 {[%emt 0:00:16]} 70. Kd4 {[%emt 0:00:33]} Nf6 {[%emt 0:00:02]} 71. Bf3 {[%emt 0:00:06]} Nd7 {[%emt 0:00:29]} 72. g7 {[%emt 0:00:16]} 1-0

[Event "World Junior U20 Open 2018"]
[Site "Gebze"]
[Date "2018.09.13"]
[Round "9.62"]
[White "Zlatin, Alexander"]
[Black "Eren, Ataberk"]
[Result "1/2-1/2"]
[WhiteElo "2312"]
[BlackElo "2180"]
[Annotator "ChessBase"]
[PlyCount "94"]
[EventDate "2018.09.05"]
[EventType "swiss"]
[EventCountry "TUR"]
[SourceTitle "playchess.com"]
[Source "ChessBase"]
[SourceQuality "1"]
[TimeControl "40/5400+30:1800+30"]

1. e4 e6 2. Qe2 c5 3. f4 Nc6 4. Nf3 d6 5. g3 g6 6. Bg2 Bg7 7. c3 Nge7 8. O-O O-O 9. Na3 Rb8 10. Rd1 d5 11. e5 c4 12. d4 cxd3 13. Qxd3 a6 14. Be3 b5 15. b4 Bb7 16. Bc5 Re8 17. Nc2 Nc8 18. a4 bxa4 19. Qe3 Qd7 20. Nce1 Nd8 21. Nd4 Nc6 22. Nd3 N8e7 23. g4 Nc8 24. Ra2 a5 {[%emt 1:37:15]} 25. Nxc6 {[%emt 1:00:30]} Bxc6 {[%emt 0:00:30]} 26. bxa5 {[%emt 0:00:30]} Rd8 {[%emt 0:00:30]} 27. Nb4 {[%emt 0:00:30]} Bb5 {[%emt 0:00:30]} 28. f5 {[%emt 0:04:30]} exf5 {[%emt 0:04:41]} 29. Bxd5 {[%emt 0:00:30]} Qe8 {[%emt 0:00:15]} 30. gxf5 {[%emt 0:02:30]} Ne7 {[%emt 0:00:31]} 31. f6 {[%emt 0:02:30]} Nf5 {[%emt 0:00:30]} 32. Qe4 {[%emt 0:00:30]} Bxf6 {[%emt 0:00:30]} 33. Re1 {[%emt 0:01:30]} Be7 {[%emt 0:00:29]} 34. Bf2 {[%emt 0:02:30]} Rbc8 {[%emt 0:00:14]} 35. e6 {[%emt 0:05:30]} f6 {[%emt 0:00:11]} 36. Bb6 {[%emt 0:00:30]} Rd6 {[%emt 0:00:39]} 37. c4 {[%emt 0:00:30]} Rxb6 {[%emt 0:01:06]} 38. axb6 {[%emt 0:02:30]} Bc5+ {[%emt 0:00:28]} 39. Kh1 {[%emt 0:00:30]} Bxb4 {[%emt 0:00:32]} 40. Rb1 {[%emt 0:00:00]} Nd6 {[%emt 0:00:00]} 41. Qf3 {[%emt 0:18:00]} Bxc4 {[%emt 0:07:39]} 42. Rf2 {[%emt 0:01:30]} Bxd5 {[%emt 0:10:01]} 43. Qxd5 {[%emt 0:00:30]} Rc5 {[%emt 0:00:00]} 44. Qf3 {[%emt 0:08:30]} Rf5 {[%emt 0:07:47]} 45. Qg2 {[%emt 0:00:30]} Rg5 {[%emt 0:00:09]} 46. Qf3 {[%emt 0:00:00]} Rf5 {[%emt 0:00:00]} 47. Qg2 {[%emt 0:00:00]} Rg5 {[%emt 0:00:56]} 1/2-1/2

[Event "World Junior U20 Open 2018"]
[Site "Gebze"]
[Date "2018.09.13"]
[Round "9.63"]
[White "Tifferet, Shaked"]
[Black "Sezdbekov, Ruslan"]
[Result "0-1"]
[WhiteElo "2299"]
[BlackElo "2160"]
[Annotator "NA"]
[PlyCount "72"]
[EventDate "2018.09.05"]
[EventType "swiss"]
[EventCountry "TUR"]
[SourceTitle "playchess.com"]
[Source "ChessBase"]
[SourceQuality "1"]
[TimeControl "40/5400+30:1800+30"]

1. d4 {[%emt 0:00:30]} Nf6 {[%emt 0:00:30]} 2. Bg5 {[%emt 0:00:30]} b6 {[%emt 0:00:30]} 3. Bxf6 {[%emt 0:02:00]} gxf6 {[%emt 0:01:30]} 4. c4 {[%emt 0:07:30]} Bb7 {[%emt 0:01:30]} 5. Nc3 {[%emt 0:01:30]} e5 {[%emt 0:03:30]} 6. e3 {[%emt 0:11:30]} d6 {[%emt 0:03:30]} 7. Nf3 {[%emt 0:01:30]} Nc6 {[%emt 0:03:30]} 8. d5 {[%emt 0:18:30]} Ne7 $16 {[%emt 0:01:30]} 9. c5 bxc5 10. Bb5+ c6 11. dxc6 Nxc6 12. O-O f5 13. Qa4 Qc8 14. b4 e4 15. Nd2 a6 16. Be2 Bg7 17. Nc4 O-O 18. Rac1 {[%emt 1:28:50]} Qe6 {[%emt 1:09:00]} 19. bxc5 {[%emt 0:00:30]} dxc5 {[%emt 0:00:30]} 20. Qa3 {[%emt 0:02:36]} f4 {[%emt 0:11:00]} 21. exf4 {[%emt 0:00:48]} Nd4 {[%emt 0:02:05]} 22. Ne3 {[%emt 0:00:30]} Kh8 {[%emt 0:02:36]} 23. f5 {[%emt 0:02:20]} Qh6 {[%emt 0:00:59]} 24. Ng4 {[%emt 0:01:52]} Qg5 {[%emt 0:00:57]} 25. f6 {[%emt 0:00:30]} Bxf6 {[%emt 0:00:30]} 26. Nxf6 {[%emt 0:00:30]} Qxf6 {[%emt 0:00:00]} 27. Bg4 {[%emt 0:01:46]} Rg8 {[%emt 0:00:56]} 28. h3 {[%emt 0:01:00]} Rxg4 {[%emt 0:05:26]} 29. hxg4 {[%emt 0:00:05]} Rg8 {[%emt 0:00:34]} 30. Rfe1 {[%emt 0:01:50]} Rxg4 {[%emt 0:00:39]} 31. Re3 {[%emt 0:01:36]} Qg5 {[%emt 0:01:50]} 32. Rg3 {[%emt 0:00:27]} e3 {[%emt 0:00:24]} 33. Rxg4 {[%emt 0:01:06]} Qxg4 {[%emt 0:00:05]} 34. f3 {[%emt 0:00:05]} Nxf3+ {[%emt 0:02:51]} 35. Kf1 {[%emt 0:00:01]} Nh2+ {[%emt 0:00:08]} 36. Ke1 {[%emt 0:00:30]} Qxg2 {[%emt 0:00:00]} 0-1